Hĺbková analýza údajov s programom SAS Enterprise Miner : (praktikum)

Salvato in:
Dettagli Bibliografici
Autore principale: Labudová, Viera, 1958-
Ente Autore: Ekonomická univerzita v Bratislave. Fakulta hospodárskej informatiky
Altri autori: Terek, Milan, Uhrinčaťová, Eva
Natura: Libro
Lingua:slovacco
Pubblicazione: Bratislava Vydavateľstvo EKONÓM 2012
Edizione:1. vyd.
Soggetti:
Tags: Aggiungi Tag
Nessun Tag, puoi essere il primo ad aggiungerne!!

MARC

LEADER 00000nam a2200000 4500
001 0152705
005 20240502072723.5
020 |a 978-80-225-3402-4 
041 0 |a slo 
044 |a SK 
245 1 0 |a Hĺbková analýza údajov  |b s programom SAS Enterprise Miner : (praktikum)  |c Viera Labudová 
250 |a 1. vyd. 
264 1 |a Bratislava  |b Vydavateľstvo EKONÓM  |c 2012 
300 |a 87 s. [4,708 AH] 
610 2 0 |a softvér 
610 2 0 |a modely 
610 2 0 |a modely regresné 
610 2 0 |a rozhodovanie 
610 2 0 |a modely rozhodovania 
100 1 |a Labudová, Viera, 1958- 
700 1 |a Terek, Milan 
700 1 |a Uhrinčaťová, Eva 
710 2 |a Ekonomická univerzita v Bratislave. Fakulta hospodárskej informatiky